00238nam a22001217a 4500040000700000082000800007100001600015245003500031260001800066300001000084942000700094999001500101 cSK a635 aAGROMISA P. aPropagating and planting trees aNAbAGRc2002 a113p. cEK c9522d9522